[Event "11th EICC Men Playoff"]
[Site "Rijeka CRO"]
[Date "2010.03.18"]
[Round "2.3"]
[White "Tregubov, P."]
[Black "Vorobiov, E."]
[Result "1-0"]
[WhiteElo "2625"]
[BlackElo "2616"]
[PlyCount "79"]
[EventDate "2010.03.18"]

1. d4 Nf6 2. c4 c5 3. d5 e5 4. Nc3 d6 5. e4 g6 6. Bd3 Bg7 7. Nge2 O-O 8. Ng3 a6
9. O-O Nbd7 10. a3 h5 11. Bg5 Qe8 12. Qd2 Nh7 13. Be3 h4 14. Nh1 f5 15. exf5
gxf5 16. f4 e4 17. Be2 Qg6 18. Nf2 Ndf6 19. b4 b6 20. bxc5 bxc5 21. Rab1 Kh8
22. Rb6 Rg8 23. Kh1 Nd7 24. Rb3 Nhf6 25. Rg1 Nh5 26. Qd1 Ndf6 27. Na4 Bh6 28.
Bxh5 Nxh5 29. Nh3 Ra7 30. Rb6 Rh7 31. Nxc5 Bf8 32. Bd4+ Bg7 33. Ne6 Bxe6 34.
Rxd6 Ng3+ 35. hxg3 hxg3 36. Rxe6 Qg4 37. Bxg7+ Qxg7 38. Qa1 Rxh3+ 39. gxh3 g2+
40. Kh2 1-0

[Event "11th EICC Men Playoff"]
[Site "Rijeka CRO"]
[Date "2010.03.18"]
[Round "2.4"]
[White "Vorobiov, E."]
[Black "Tregubov, P."]
[Result "1-0"]
[WhiteElo "2616"]
[BlackElo "2625"]
[PlyCount "67"]
[EventDate "2010.03.18"]

1. Nf3 c5 2. c4 Nc6 3. d4 cxd4 4. Nxd4 Nf6 5. Nc3 e6 6. a3 Be7 7. g3 Qb6 8. Nc2
Ne5 9. Ne3 O-O 10. Bg2 a6 11. O-O Qc7 12. Qd4 Rb8 13. b4 b6 14. Bb2 d6 15. f4
Ned7 16. Rac1 Bb7 17. Ncd5 exd5 18. cxd5 Qd8 19. Nf5 Re8 20. g4 Bf8 21. g5 Rxe2
22. gxf6 Qxf6 23. Qxf6 Nxf6 24. Bxf6 gxf6 25. Rc7 Ba8 26. Bf3 Ree8 27. Kf2 Rb7
28. Rg1+ Kh8 29. Rcc1 a5 30. Rg3 axb4 31. Rcg1 Be7 32. axb4 Rf8 33. Nh6 Rbb8
34. Rg8+ 1-0

[Event "11th EICC Men Playoff"]
[Site "Rijeka CRO"]
[Date "2010.03.18"]
[Round "2.5"]
[White "Vorobiov, E."]
[Black "Tregubov, P."]
[Result "1-0"]
[WhiteElo "2616"]
[BlackElo "2625"]
[PlyCount "78"]
[EventDate "2010.03.18"]

1. Nf3 c5 2. g3 Nc6 3. Bg2 g6 4. O-O Bg7 5. d3 e5 6. e4 Nge7 7. c3 O-O 8. a3 d6
9. b4 b6 10. Nbd2 h6 11. Bb2 Be6 12. Rc1 Rc8 13. Re1 Qd7 14. Nf1 d5 15. exd5
Bxd5 16. b5 Na5 17. c4 Bxf3 18. Qxf3 Nb3 19. Rcd1 Nd4 20. Bxd4 exd4 21. h4 h5
22. Nd2 Rce8 23. Ne4 f6 24. Kh2 Nc8 25. Bh3 Qc7 26. Nxf6+ Bxf6 27. Rxe8 Rxe8
28. Qxf6 Qf7 29. Kg1 Nd6 30. Kf1 a6 31. a4 axb5 32. axb5 Ra8 33. Re1 Ra3 34.
Re6 Nf5 35. Rxb6 Rxd3 36. Rc6 Rd1+ 37. Ke2 Rc1 38. Bxf5 gxf5 39. Rxc5 Rd1 1-0

[Event "11th EICC Men Playoff"]
[Site "Rijeka CRO"]
[Date "2010.03.18"]
[Round "2.1"]
[White "Zvjaginsev, V."]
[Black "Akopian, Vl"]
[Result "1-0"]
[WhiteElo "2643"]
[BlackElo "2688"]
[PlyCount "89"]
[EventDate "2010.03.18"]

1. e4 c5 2. Nf3 d6 3. d4 cxd4 4. Qxd4 a6 5. Be2 Nc6 6. Qe3 g6 7. O-O Bg7 8. h3
Nf6 9. Rd1 Qc7 10. c4 O-O 11. Nc3 Bd7 12. Rb1 Rac8 13. b4 Be6 14. Nd5 Qb8 15.
Bb2 b5 16. a3 Nd7 17. Bxg7 Kxg7 18. cxb5 axb5 19. Nf4 Nde5 20. Nxe6+ fxe6 21.
Ng5 Nd8 22. Rbc1 h6 23. Nf3 Ndc6 24. Nxe5 dxe5 25. Qg3 Nd4 26. Bh5 g5 27. h4
Kf6 28. Rxc8 Rxc8 29. Bg4 Kg6 30. Qh3 h5 31. Bxe6 g4 32. Bf5+ Nxf5 33. exf5+
Kxf5 34. Qe3 Rg8 35. Rd5 Kf6 36. Qh6+ Rg6 37. Qxh5 Qc7 38. Qh8+ Ke6 39. Rc5 Qd6
40. Qc8+ Kf7 41. Qf5+ Rf6 42. Qxg4 Qd2 43. Qh5+ Kg7 44. Qg5+ Qxg5 45. hxg5 1-0

[Event "11th EICC Men Playoff"]
[Site "Rijeka CRO"]
[Date "2010.03.18"]
[Round "2.2"]
[White "Akopian, Vl"]
[Black "Zvjaginsev, V."]
[Result "1-0"]
[WhiteElo "2688"]
[BlackElo "2643"]
[PlyCount "61"]
[EventDate "2010.03.18"]

1. e4 e6 2. d4 d5 3. Nc3 Nf6 4. Bg5 Be7 5. e5 Nfd7 6. Bxe7 Qxe7 7. f4 a6 8. Nf3
c5 9. dxc5 Nc6 10. Bd3 Qxc5 11. Qd2 b5 12. O-O-O b4 13. Na4 Qa5 14. b3 Nc5 15.
Nxc5 Qxc5 16. Kb1 a5 17. h4 a4 18. h5 Qa5 19. h6 g6 20. g4 Ba6 21. Bxa6 Rxa6
22. f5 O-O 23. Rh2 Qc7 24. Qf4 f6 25. fxg6 axb3 26. cxb3 fxe5 27. Qxf8+ Kxf8
28. Ng5 Ke7 29. g7 Ra8 30. Rf2 Qa5 31. Rf7+ 1-0

[Event "11th EICC Men Playoff"]
[Site "Rijeka CRO"]
[Date "2010.03.18"]
[Round "2.3"]
[White "Zvjaginsev, V."]
[Black "Akopian, Vl"]
[Result "0-1"]
[WhiteElo "2643"]
[BlackElo "2688"]
[PlyCount "82"]
[EventDate "2010.03.18"]

1. e4 e5 2. f4 exf4 3. Nf3 g5 4. Bc4 Bg7 5. d4 d6 6. O-O Nc6 7. c3 h6 8. Qa4
Bd7 9. Qb3 Na5 10. Bxf7+ Kf8 11. Qa3 Kxf7 12. Qxa5 c5 13. Qa3 Qb6 14. Nbd2 Qb5
15. b3 Nf6 16. e5 dxe5 17. Nxe5+ Kg8 18. c4 Qb4 19. Qxb4 cxb4 20. Bb2 Bf5 21.
g3 Bh3 22. Rf2 fxg3 23. hxg3 Kh7 24. Kh2 Ng4+ 25. Nxg4 Bxg4 26. Re1 Rhe8 27.
Ne4 Kg6 28. Rff1 Rad8 29. Nf2 Be2 30. Rg1 Bxd4 31. Bxd4 Rxd4 32. Rg2 Kf7 33. g4
Bf3 34. Rxe8 Kxe8 35. Rg3 Bc6 36. Rh3 Rd2 37. Kg3 Rxa2 38. Rxh6 Ra3 39. Nh3
Rxb3+ 40. Kh2 Rb2+ 41. Kg1 b3 0-1

[Event "11th EICC Men Playoff"]
[Site "Rijeka CRO"]
[Date "2010.03.18"]
[Round "2.4"]
[White "Akopian, Vl"]
[Black "Zvjaginsev, V."]
[Result "0-1"]
[WhiteElo "2688"]
[BlackElo "2643"]
[PlyCount "118"]
[EventDate "2010.03.18"]

1. d4 c5 2. d5 d6 3. e4 Nf6 4. Nc3 g6 5. Nf3 Bg7 6. Bb5+ Bd7 7. a4 O-O 8. h3 a6
9. Bd3 e5 10. dxe6 Bxe6 11. O-O Nc6 12. Bg5 h6 13. Bh4 g5 14. Bg3 Nh5 15. Bh2
Nf4 16. Qd2 Be5 17. Rad1 Qf6 18. Nxe5 dxe5 19. Nd5 Bxd5 20. exd5 Nxd5 21. Bh7+
Kxh7 22. Qxd5 Qe7 23. Qd7 Rae8 24. Qf5+ Kg7 25. Rd7 Qe6 26. Qxe6 Rxe6 27. Rxb7
Rd8 28. Rb6 a5 29. Rb5 c4 30. Rc5 Rd2 31. Rxc4 Nd4 32. b4 axb4 33. Rxb4 f6 34.
a5 Rxc2 35. Ra4 Ra6 36. g4 Kf7 37. Kg2 Rc5 38. Rfa1 Nb3 39. R1a3 Raxa5 40. Rxa5
Nxa5 41. Bg1 Nc6 42. f3 Rc2+ 43. Kg3 Nd8 44. h4 Ne6 45. hxg5 hxg5 46. Be3 Re2
47. Bc1 Kg6 48. Rd3 f5 49. gxf5+ Kxf5 50. Ra3 Nf4 51. Bxf4 gxf4+ 52. Kh3 Re3
53. Rxe3 fxe3 54. Kg3 Kg5 55. Kh3 Kf4 56. Kg2 e2 57. Kf2 e1=Q+ 58. Kxe1 Kxf3
59. Kd2 e4 0-1

[Event "11th EICC Men Playoff"]
[Site "Rijeka CRO"]
[Date "2010.03.18"]
[Round "2.5"]
[White "Zvjaginsev, V."]
[Black "Akopian, Vl"]
[Result "1-0"]
[WhiteElo "2643"]
[BlackElo "2688"]
[PlyCount "70"]
[EventDate "2010.03.18"]

1. e4 c5 2. Nf3 e6 3. b4 cxb4 4. d4 d5 5. e5 Nc6 6. a3 a6 7. axb4 Bxb4+ 8. c3
Bf8 9. Bd3 Nge7 10. h4 Bd7 11. h5 h6 12. O-O Nf5 13. g4 Nh4 14. Nh2 g6 15. hxg6
Nxg6 16. Bxg6 fxg6 17. Qd3 Rg8 18. Qh3 Qe7 19. Nd2 O-O-O 20. Nb3 Qf7 21. Ba3
Qf4 22. Bxf8 Rdxf8 23. Nc5 Nd8 24. Nxd7 Kxd7 25. Qd3 h5 26. g5 Qxg5+ 27. Kh1
Rf4 28. f3 Rh4 29. Rf2 Qf4 30. Rb1 Qf5 31. Qd1 g5 32. Qa4+ b5 33. Qa2 g4 34.
fxg4 Qe4+ 35. Rg2 hxg4 1-0

[Event "11th EICC Men Playoff"]
[Site "Rijeka CRO"]
[Date "2010.03.18"]
[Round "2.1"]
[White "Vuckovic, Bo"]
[Black "Berkes, F."]
[Result "0-1"]
[WhiteElo "2630"]
[BlackElo "2659"]
[PlyCount "108"]
[EventDate "2010.03.18"]

1. e4 e5 2. Nf3 Nc6 3. Bb5 Nf6 4. O-O Nxe4 5. d4 Nd6 6. Bxc6 dxc6 7. dxe5 Nf5
8. Qxd8+ Kxd8 9. Nc3 Be6 10. Ng5 Ke7 11. b3 h6 12. Ba3+ Ke8 13. Nxe6 fxe6 14.
Bxf8 Rxf8 15. Rad1 Ke7 16. Rd3 Rad8 17. Rfd1 Rxd3 18. Rxd3 Nh4 19. Ne2 g5 20.
Nc1 c5 21. Kf1 a5 22. c4 a4 23. bxa4 Ra8 24. Ra3 Kd7 25. a5 Kc6 26. a6 b6 27.
Nd3 Nf5 28. g3 Nd4 29. f4 Nc2 30. Rc3 Nb4 31. a3 Nxa6 32. fxg5 hxg5 33. Kg2 b5
34. cxb5+ Kxb5 35. h4 gxh4 36. gxh4 c4 37. Nb2 Nc5 38. Kh3 Na4 39. Nxa4 Rxa4
40. Kg4 Kc5 41. h5 Kd4 42. Rh3 c3 43. h6 c2 44. Rh1 Rxa3 45. h7 Ra8 46. Kg5 c5
47. Kf6 c4 48. Kxe6 Rh8 49. Kd6 Rxh7 50. Rg1 Kc3 51. Kd5 Rd7+ 52. Kc5 Rd1 53.
Rg3+ Kb2 54. Rg2 Re1 0-1

[Event "11th EICC Men Playoff"]
[Site "Rijeka CRO"]
[Date "2010.03.18"]
[Round "2.2"]
[White "Berkes, F."]
[Black "Vuckovic, Bo"]
[Result "0-1"]
[WhiteElo "2659"]
[BlackElo "2630"]
[PlyCount "126"]
[EventDate "2010.03.18"]

1. d4 Nf6 2. Nf3 c5 3. e3 g6 4. dxc5 Qa5+ 5. Nbd2 Bg7 6. a3 Qxc5 7. b4 Qc7 8.
Bb2 O-O 9. c4 d6 10. Be2 b6 11. O-O Bb7 12. Rc1 Nbd7 13. Nd4 Rac8 14. Bf3 Rfd8
15. h3 Ne5 16. Bxb7 Qxb7 17. Qb3 Ne4 18. Rfd1 Nxd2 19. Rxd2 d5 20. cxd5 Rxc1+
21. Bxc1 Rxd5 22. a4 e6 23. b5 a6 24. Ba3 axb5 25. axb5 h5 26. Rd1 Kh7 27. Rc1
Nd7 28. Nc6 Ne5 29. Nxe5 Bxe5 30. Bb2 Bxb2 31. Qxb2 Qd7 32. Rc6 Rd1+ 33. Kh2
Rd2 34. Qf6 Rd5 35. Rxb6 Rf5 36. Qd4 Qxd4 37. exd4 Rxf2 38. Rd6 Rb2 39. b6 Kg7
40. d5 e5 41. Kg3 Rb3+ 42. Kf2 h4 43. Rc6 Kf8 44. Rc8+ Ke7 45. Rc7+ Kd6 46.
Rxf7 Rxb6 47. Rh7 Rb2+ 48. Kf3 Rb3+ 49. Kg4 Rg3+ 50. Kxh4 Rxg2 51. Rg7 e4 52.
Rg8 g5+ 53. Kh5 e3 54. Rd8+ Ke7 55. Ra8 e2 56. Ra1 Kd6 57. h4 gxh4 58. Kxh4
Kxd5 59. Kh3 Rf2 60. Re1 Ke4 61. Kg3 Ke3 62. Ra1 Rf1 63. Ra3+ Kd4 0-1

[Event "11th EICC Men Playoff"]
[Site "Rijeka CRO"]
[Date "2010.03.18"]
[Round "2.3"]
[White "Berkes, F."]
[Black "Vuckovic, Bo"]
[Result "1-0"]
[WhiteElo "2659"]
[BlackElo "2630"]
[PlyCount "63"]
[EventDate "2010.03.18"]

1. d4 Nf6 2. c3 g6 3. Bg5 Bg7 4. Nd2 d6 5. e4 O-O 6. Ngf3 c5 7. dxc5 dxc5 8.
Bc4 Nc6 9. O-O Na5 10. Be2 Be6 11. Qc2 Qc7 12. Rfe1 Rad8 13. Bf1 b6 14. Bh4 Nh5
15. Rad1 Nc6 16. Bc4 Bxc4 17. Nxc4 Rxd1 18. Rxd1 Rd8 19. Bg3 Nxg3 20. hxg3
Rxd1+ 21. Qxd1 e6 22. a4 Ne5 23. Nfxe5 Bxe5 24. f4 Bg7 25. Qd6 Qb7 26. Qd8+ Bf8
27. Ne5 Kg7 28. Nd7 Bd6 29. e5 Qc7 30. Qf6+ Kh6 31. Qh4+ Kg7 32. Nf6 1-0

[Event "11th EICC Men Playoff"]
[Site "Rijeka CRO"]
[Date "2010.03.18"]
[Round "2.4"]
[White "Vuckovic, Bo"]
[Black "Berkes, F."]
[Result "1-0"]
[WhiteElo "2630"]
[BlackElo "2659"]
[PlyCount "89"]
[EventDate "2010.03.18"]

1. e4 e5 2. Nf3 Nc6 3. Bb5 Nf6 4. d3 d6 5. O-O g6 6. d4 Bd7 7. d5 Ne7 8. Bxd7+
Nxd7 9. c4 Bg7 10. Nc3 O-O 11. Be3 Kh8 12. b4 Ng8 13. c5 Bh6 14. Bxh6 Nxh6 15.
Qd2 Kg7 16. c6 bxc6 17. dxc6 Nf6 18. a4 Nhg8 19. b5 Ne7 20. Rfd1 a6 21. Qe2 Qb8
22. Nd2 Qa7 23. Nb3 Rfb8 24. Qc4 h5 25. h3 h4 26. Ra2 Nh5 27. Nc1 Nf4 28. Nd3
Nxd3 29. Rxd3 Qb6 30. Rdd2 Qa5 31. Kh2 Rb6 32. Rd3 Rbb8 33. Rb2 Qb6 34. Nd5
Nxd5 35. Rxd5 axb5 36. Rdxb5 Qa7 37. Rb7 Rxb7 38. cxb7 Rb8 39. Qxc7 Qd4 40.
Qxb8 Qxb2 41. Qa7 Qc1 42. b8=Q Qf4+ 43. g3 hxg3+ 44. fxg3 Qc1 45. Qf2 1-0

[Event "11th EICC Men Playoff"]
[Site "Rijeka CRO"]
[Date "2010.03.18"]
[Round "2.5"]
[White "Berkes, F."]
[Black "Vuckovic, Bo"]
[Result "1-0"]
[WhiteElo "2659"]
[BlackElo "2630"]
[PlyCount "101"]
[EventDate "2010.03.18"]

1. d4 Nf6 2. c3 d5 3. Bf4 c6 4. Nd2 Bf5 5. e3 Nbd7 6. Ngf3 e6 7. Be2 Be7 8. O-O
O-O 9. Nh4 Bg6 10. Nxg6 hxg6 11. a4 a5 12. Qc2 Re8 13. h3 Bf8 14. Rfe1 e5 15.
dxe5 Nxe5 16. Rad1 Qb6 17. Bf1 Ned7 18. g4 Nc5 19. c4 Na6 20. cxd5 Nb4 21. Qb1
Nfxd5 22. Nc4 Qc5 23. Bg3 Rad8 24. Rc1 Qa7 25. Red1 Nf6 26. Bg2 Nbd5 27. g5 Nh5
28. Bh2 Bc5 29. h4 Nxe3 30. Rxd8 Rxd8 31. Nxe3 Bxe3 32. fxe3 Qxe3+ 33. Kh1 Rd4
34. Re1 Ng3+ 35. Bxg3 Qxg3 36. Re4 Rd2 37. Qf1 Rf2 38. Qg1 Rxb2 39. Re8+ Kh7
40. Re3 Qf4 41. Rh3 Qf5 42. Qe3 Qg4 43. Qf3 Qd4 44. h5 Rb1+ 45. Bf1 Qd5 46. Kg2
Rb2+ 47. Kg1 gxh5 48. Bd3+ Kg8 49. Rxh5 Rb3 50. Bb5 g6 51. Rh4 1-0

[Event "11th EICC Men Playoff"]
[Site "Rijeka CRO"]
[Date "2010.03.18"]
[Round "2.1"]
[White "Potkin, V."]
[Black "Hovhannisyan, R."]
[Result "1-0"]
[WhiteElo "2606"]
[BlackElo "2498"]
[PlyCount "151"]
[EventDate "2010.03.18"]

1. d4 d5 2. c4 c6 3. Nf3 Nf6 4. Nc3 e6 5. g3 Nbd7 6. Qd3 Bd6 7. Bg2 O-O 8. O-O
Re8 9. Rd1 Qe7 10. e4 dxc4 11. Qxc4 e5 12. Be3 exd4 13. Bxd4 Ne5 14. Nxe5 Bxe5
15. Bc5 Qe6 16. Qxe6 Bxe6 17. f4 Bc7 18. Rd2 Red8 19. Rad1 Rxd2 20. Rxd2 Nd7
21. Be3 g6 22. Kf2 Nb6 23. b3 Rd8 24. Rxd8+ Bxd8 25. e5 a5 26. Bd2 Be7 27. Ke2
Bb4 28. Ne4 Bxd2 29. Kxd2 a4 30. Nc5 axb3 31. axb3 Bc8 32. Kc3 Kf8 33. Kd4 Ke7
34. Ne4 Be6 35. Nc5 Bc8 36. b4 Na8 37. Ne4 b6 38. Nd6 Bd7 39. Nc4 h5 40. Bf3
Kd8 41. Nd6 Ke7 42. Nc4 Kd8 43. f5 gxf5 44. Bxh5 Ke7 45. Bf3 c5+ 46. bxc5 bxc5+
47. Kxc5 Nc7 48. Nb6 Ne6+ 49. Kc4 f4 50. Nd5+ Kf8 51. Nxf4 Ng5 52. Bg2 Bc8 53.
Kd4 Kg7 54. h4 Nh7 55. Ke3 Nf8 56. Be4 Ba6 57. Bf5 Bc4 58. g4 Bb3 59. g5 Bc4
60. h5 Bb5 61. h6+ Kh8 62. Kd4 Bd7 63. Be4 Bc8 64. Kc5 Nd7+ 65. Kd6 Kg8 66. Kc7
Nc5 67. Bc2 Bg4 68. Kd6 Nb7+ 69. Ke7 Na5 70. Kf6 Nc4 71. Bb3 Nb6 72. Bxf7+ Kh7
73. e6 Kh8 74. Ng6+ Kh7 75. Nf8+ Kh8 76. g6 1-0

[Event "11th EICC Men Playoff"]
[Site "Rijeka CRO"]
[Date "2010.03.18"]
[Round "2.2"]
[White "Hovhannisyan, R."]
[Black "Potkin, V."]
[Result "0-1"]
[WhiteElo "2498"]
[BlackElo "2606"]
[PlyCount "88"]
[EventDate "2010.03.18"]

1. e4 c5 2. Nf3 e6 3. d4 cxd4 4. Nxd4 Nc6 5. Nc3 a6 6. Nxc6 bxc6 7. Bd3 d5 8.
O-O Nf6 9. Qf3 Be7 10. Qg3 Nh5 11. Qf3 Nf6 12. e5 Nd7 13. Qg3 g6 14. Bh6 Bf8
15. Bxf8 Kxf8 16. Na4 a5 17. c4 Ba6 18. Rac1 Kg7 19. Rfe1 Qb8 20. b3 Qb4 21.
Red1 Rhd8 22. h4 h5 23. Qf4 c5 24. g4 Rh8 25. a3 Qb8 26. cxd5 Bxd3 27. dxe6
Nxe5 28. Rxd3 hxg4 29. Re3 Rh5 30. Rxc5 f6 31. Rec3 Ra7 32. Rc8 Qb7 33. Qd4
Rxh4 34. Kf1 Qa6+ 35. Kg2 Qb7+ 36. Kf1 Qa6+ 37. R3c4 Nxc4 38. bxc4 Re7 39. Qd8
Rh1+ 40. Kg2 Qb7+ 41. Qd5 Qxc8 42. Kxh1 Qxe6 43. Qxa5 g3 44. Kg2 gxf2 0-1

[Event "11th EICC Men Playoff"]
[Site "Rijeka CRO"]
[Date "2010.03.18"]
[Round "2.1"]
[White "Mastrovasilis, A."]
[Black "Halkias, S."]
[Result "0-1"]
[WhiteElo "2511"]
[BlackElo "2580"]
[PlyCount "56"]
[EventDate "2010.03.18"]

1. Nf3 d5 2. c4 e6 3. g3 Nf6 4. Bg2 dxc4 5. Qa4+ c6 6. Qxc4 b5 7. Qc2 Bb7 8. d4
Nbd7 9. Ne5 Qb6 10. Nxd7 Nxd7 11. O-O Rc8 12. Rd1 c5 13. d5 exd5 14. Nc3 d4 15.
Nd5 Bxd5 16. Bxd5 Nf6 17. Qf5 Rd8 18. Bf3 Be7 19. Qe5 Rd7 20. a4 bxa4 21. Rxa4
Qb3 22. Bc6 Qxd1+ 23. Kg2 O-O 24. Bh6 gxh6 25. Ra6 Rd6 26. Qxe7 Re6 27. Qxc5
Qxe2 28. Ra5 Ne4 0-1

[Event "11th EICC Men Playoff"]
[Site "Rijeka CRO"]
[Date "2010.03.18"]
[Round "2.2"]
[White "Halkias, S."]
[Black "Mastrovasilis, A."]
[Result "1-0"]
[WhiteElo "2580"]
[BlackElo "2511"]
[PlyCount "95"]
[EventDate "2010.03.18"]

1. d4 f5 2. Nf3 Nf6 3. g3 g6 4. Bg2 Bg7 5. O-O O-O 6. c4 d6 7. Nc3 c6 8. Rb1 a5
9. d5 e5 10. dxe6 Bxe6 11. b3 Na6 12. Bb2 Nc5 13. Qc2 Qe7 14. Rbd1 Rad8 15. e3
Ng4 16. Ne2 Ne4 17. Bxg7 Qxg7 18. Nfd4 Bc8 19. Nf4 g5 20. Nd3 Qh6 21. Nf3 Rde8
22. h3 Ngf6 23. h4 Ng4 24. hxg5 Nxg5 25. Nh4 Ne4 26. Nf4 Rf7 27. Qd3 Rg7 28.
Bxe4 fxe4 29. Qxd6 Nf6 30. Nfg2 Bg4 31. Rd4 c5 32. Qxc5 Bf3 33. Rd6 Rg5 34. Qd4
Rf8 35. Rd8 Ne8 36. Nxf3 exf3 37. Nh4 Qe6 38. Kh2 Nf6 39. Rxf8+ Kxf8 40. Nxf3
Rf5 41. Nh4 Re5 42. Kg1 Re4 43. Qd8+ Kg7 44. Qc7+ Kh6 45. Rd1 Rxh4 46. Rd6 Rh1+
47. Kxh1 Qe4+ 48. Kg1 1-0

[Event "11th EICC Men Playoff"]
[Site "Rijeka CRO"]
[Date "2010.03.18"]
[Round "2.1"]
[White "Nisipeanu, LD."]
[Black "Khismatullin, D."]
[Result "1-0"]
[WhiteElo "2661"]
[BlackElo "2657"]
[PlyCount "78"]
[EventDate "2010.03.18"]

1. e4 c5 2. Nf3 d6 3. d4 Nf6 4. Nc3 cxd4 5. Nxd4 a6 6. Be3 Ng4 7. Qd2 Nxe3 8.
Qxe3 g6 9. O-O-O Bg7 10. h4 Nc6 11. Nb3 h5 12. Kb1 Ne5 13. Be2 b5 14. f4 Nc4
15. Bxc4 bxc4 16. Nd4 Bg4 17. Rd2 O-O 18. e5 dxe5 19. fxe5 Qc8 20. Nd5 Qb7 21.
Nc6 Rfc8 22. Ncxe7+ Kh7 23. Nxc8 Rxc8 24. Qc3 Bh6 25. Rd4 Be6 26. Nf6+ Kg7 27.
Ne4 Rb8 28. Rf1 Be3 29. Rxc4 Bxc4 30. e6+ f6 31. Nd6 Qxg2 32. Qxf6+ Kh7 33.
Nxc4 Bd4 34. Qf7+ Bg7 35. e7 Qe2 36. Rg1 Qe4 37. b3 g5 38. Qxh5+ Kg8 39. Qxg5
Qf4 1-0

[Event "11th EICC Men Playoff"]
[Site "Rijeka CRO"]
[Date "2010.03.18"]
[Round "2.2"]
[White "Khismatullin, D."]
[Black "Nisipeanu, LD."]
[Result "1/2-1/2"]
[WhiteElo "2657"]
[BlackElo "2661"]
[PlyCount "63"]
[EventDate "2010.03.18"]

1. c4 e6 2. Nf3 Nf6 3. Nc3 c5 4. e3 d5 5. d4 cxd4 6. exd4 Bb4 7. Bd3 dxc4 8.
Bxc4 Bxc3+ 9. bxc3 Qc7 10. Qe2 O-O 11. O-O Nbd7 12. Ba3 Re8 13. Rac1 b6 14. Ne5
Bb7 15. f4 a6 16. Bb3 b5 17. c4 Qa5 18. Bb2 bxc4 19. Nxc4 Qb5 20. Qd1 Ne4 21.
Ba4 Qd5 22. Ne3 Qd6 23. Qb3 Reb8 24. Ba3 Qxd4 25. Bb2 Qa7 26. Bxd7 Bd5 27. Qa3
Rb3 28. axb3 Qxe3+ 29. Kh1 Nf2+ 30. Rxf2 Qxf2 31. Rg1 Bxg2+ 32. Rxg2 1/2-1/2

[Event "11th EICC Men Playoff"]
[Site "Rijeka CRO"]
[Date "2010.03.18"]
[Round "2.2"]
[White "Alekseev, Evgeny"]
[Black "Inarkiev, E."]
[Result "1/2-1/2"]
[WhiteElo "2700"]
[BlackElo "2667"]
[PlyCount "77"]
[EventDate "2010.03.18"]

1. e4 g6 2. d4 Bg7 3. Nf3 d6 4. c3 Nf6 5. Bd3 O-O 6. O-O c5 7. h3 Qc7 8. Be3 b6
9. Nbd2 Nbd7 10. Re1 e5 11. a4 a6 12. Rc1 Bb7 13. Qc2 Rae8 14. dxe5 dxe5 15. b4
Kh8 16. b5 a5 17. Nc4 Nh5 18. Nfd2 Nf4 19. Bf1 Ne6 20. Rcd1 f5 21. f3 Nf6 22.
Bf2 Nh5 23. Nb3 fxe4 24. fxe4 Rd8 25. Rxd8 Rxd8 26. Nbd2 Rf8 27. Nf3 h6 28. Qd1
Rd8 29. Qc2 Nhf4 30. Kh2 g5 31. Kg1 h5 32. Nh2 Bf6 33. g3 Ng6 34. Ne3 h4 35.
Nd5 Qf7 36. Ng4 Bg7 37. Nxb6 Nef4 38. c4 Rd4 39. Nd5 1/2-1/2

[Event "11th EICC Men Playoff"]
[Site "Rijeka CRO"]
[Date "2010.03.18"]
[Round "2.1"]
[White "Grachev, B."]
[Black "Kurnosov, I."]
[Result "1-0"]
[WhiteElo "2667"]
[BlackElo "2674"]
[PlyCount "122"]
[EventDate "2010.03.18"]

1. d4 Nf6 2. Nf3 g6 3. Nbd2 d5 4. e3 Bg7 5. b4 Ne4 6. Nxe4 dxe4 7. Nd2 e5 8. c3
O-O 9. Be2 Qg5 10. g3 exd4 11. cxd4 Re8 12. O-O Bh3 13. Re1 c6 14. Qc2 Qe7 15.
a4 Nd7 16. Ba3 Rac8 17. Rad1 Nb6 18. Nc4 Nxc4 19. Qxc4 h5 20. Qc5 Qd7 21. Qg5
Be6 22. b5 Bb3 23. bxc6 bxc6 24. Ra1 Rb8 25. Qf4 Bxa4 26. Bd6 Rbd8 27. Rxa4
Qxd6 28. Qxd6 Rxd6 29. Rxa7 Bf6 30. Rc1 Re7 31. Ra8+ Kg7 32. Rc8 h4 33. R8xc6
Rxc6 34. Rxc6 hxg3 35. hxg3 Bg5 36. d5 Re5 37. Bc4 Kf8 38. d6 Ke8 39. Rc7 f5
40. Bf7+ Kd8 41. Bxg6 Rd5 42. Rf7 Rxd6 43. Bxf5 Rd1+ 44. Kg2 Rd2 45. Kf1 Ke8
46. Rb7 Rd1+ 47. Ke2 Ra1 48. Bxe4 Ra2+ 49. Kf3 Bf6 50. Bc6+ Kd8 51. Rd7+ Kc8
52. Rf7 Bc3 53. g4 Be1 54. Kg2 Rc2 55. Be4 Rc5 56. Kf1 Bb4 57. Ke2 Kd8 58. Rb7
Ba3 59. f4 Rc3 60. g5 Bc1 61. Bd3 Ke8 1-0

[Event "11th EICC Men Playoff"]
[Site "Rijeka CRO"]
[Date "2010.03.18"]
[Round "2.2"]
[White "Kurnosov, I."]
[Black "Grachev, B."]
[Result "1/2-1/2"]
[WhiteElo "2674"]
[BlackElo "2667"]
[PlyCount "104"]
[EventDate "2010.03.18"]

1. e4 e6 2. d4 d5 3. Nc3 dxe4 4. Nxe4 Nd7 5. Nf3 Ngf6 6. Bg5 h6 7. Bh4 Be7 8.
Nxf6+ Bxf6 9. Bxf6 Qxf6 10. Qe2 O-O 11. O-O-O Rd8 12. Qe4 Qe7 13. Ne5 c5 14.
Bc4 Nf6 15. Qe3 cxd4 16. Rxd4 Rxd4 17. Qxd4 Bd7 18. Rd1 Be8 19. g4 Rc8 20. h4
Qc5 21. g5 Nd7 22. Nxd7 Qxc4 23. Qxc4 Rxc4 24. gxh6 Rc7 25. Ne5 gxh6 26. Rg1+
Kf8 27. Ng4 Rc4 28. h5 Rc5 29. f4 Rf5 30. Nxh6 Rxh5 31. Rg8+ Ke7 32. Rh8 Rh1+
33. Kd2 Bc6 34. Rh7 Kf6 35. Ng4+ Kf5 36. Ne3+ Kxf4 37. Rxf7+ Ke5 38. b3 Rh2+
39. Kd3 Be4+ 40. Kc4 Rh7 41. Rxh7 Bxh7 42. Kc5 Kf4 43. Nc4 Bxc2 44. Kd6 Bb1 45.
a3 Ba2 46. Nd2 e5 47. b4 e4 48. Nf1 e3 49. Nxe3 Kxe3 50. b5 Kd4 51. Kc7 Kc5 52.
Kxb7 Kxb5 1/2-1/2

[Event "11th EICC Men Playoff"]
[Site "Rijeka CRO"]
[Date "2010.03.18"]
[Round "2.4"]
[White "Sutovsky, E."]
[Black "Socko, B."]
[Result "0-1"]
[WhiteElo "2650"]
[BlackElo "2637"]
[PlyCount "96"]
[EventDate "2010.03.18"]

1. e4 e6 2. d4 d5 3. exd5 exd5 4. Nf3 Bd6 5. c4 Nf6 6. c5 Be7 7. Nc3 O-O 8. Bd3
b6 9. cxb6 axb6 10. h3 c5 11. O-O Nc6 12. Bf4 Be6 13. Nb5 Rc8 14. Ng5 Qd7 15.
Re1 Bf5 16. Be5 h6 17. Nf3 Bxd3 18. Qxd3 c4 19. Qe2 Nxe5 20. Qxe5 Rfe8 21. a4
Bb4 22. Qf4 Bxe1 23. Rxe1 Rxe1+ 24. Nxe1 Ra8 25. Nc3 Ne4 26. Nxe4 dxe4 27. Nc2
Qxa4 28. Ne3 Qc6 29. Nf5 Qf6 30. Qxe4 Ra1+ 31. Kh2 Qe6 32. Qf4 Kh7 33. Ne3 Ra7
34. d5 Qf6 35. Qe4+ g6 36. Nxc4 Qxf2 37. d6 Qc5 38. b3 Rd7 39. Qe8 Qf5 40. Qe3
b5 41. g4 Qc2+ 42. Kg3 bxc4 43. Qe8 Qxb3+ 44. Kf4 Qb7 45. g5 hxg5+ 46. Kxg5
Qb5+ 47. Kf4 Qf5+ 48. Kg3 Rxd6 0-1